000 00532nam a22001937a 4500
005 20260601163756.0
010 _aENG-148657
020 _a9789349042360
_c175.00
035 _aEN-132189
037 _bDBAD
082 _aS
_21
100 _aShakespeare, William
245 _aA Midsummer Night's Dream/
_cWilliam Shakespeare
250 _a1
260 _aChandigarh
_bThe Browser
_c2026
270 _bChandigarh
_aSCO 14-15, Sector 8-C
_e160009
_mservice@thebrowser.org
300 _a88p.
_c21cm(pb)
942 _2ddc
_cEN
_hS
_mSHA
999 _c216437
_d216437